| 000 | 00000nam##2200000za#4500 |
| 001 | 9.696736 |
| 003 | CaOODSP |
| 005 | 20210624235152 |
| 007 | cr ||||||||||| |
| 008 | 150407|2009||||xxc|||||o f|0| 0 eng|d |
| 020 | |a978-1-897463-52-9 |
| 040 | |aCaOODSP|beng |
| 043 | |an-cn--- |
| 086 | 1 |aH174-31/2009E-PDF |
| 110 | 1 |aCanada.|bHealth Council of Canada. |
| 245 | 10|aGetting it right : |h[electronic resource]|bcase studies of effective management of chronic disease using primary health care teams |
| 260 | |aToronto - Ontario : |bHealth Council of Canada |cApril 2009. |
| 300 | |a48p.|bgraphs, references, photographs |
| 590 | |a12-39-Supp|b2012-10-11 |
| 690 | 07|aHealth care system|2gcpds |
| 690 | 07|aChronic diseases|2gcpds |
| 775 | 08|tBien faire les choses : |w(CaOODSP)9.640844 |
| 856 | 40|ahttp://publications.gc.ca|qPDF|s1.85 MB|uhttps://publications.gc.ca/collections/collection_2012/ccs-hcc/H174-31-2009-eng.pdf |